U.S. claims commissions records, (Record no. 43764)
[ view plain ]
| 000 -LEADER | |
|---|---|
| fixed length control field | 01313cpcaa2200277 4500 |
| 001 - CONTROL NUMBER | |
| control field | mm 82084616 |
| 003 - CONTROL NUMBER IDENTIFIER | |
| control field | DLC |
| 005 - DATE AND TIME OF LATEST TRANSACTION | |
| control field | 20260227111717.0 |
| 008 - FIXED-LENGTH DATA ELEMENTS--GENERAL INFORMATION | |
| fixed length control field | 820702|||||||||||| eng |
| 010 ## - LIBRARY OF CONGRESS CONTROL NUMBER | |
| LC control number | mm 82084616 |
| 040 ## - CATALOGING SOURCE | |
| Original cataloging agency | DLC |
| Transcribing agency | DLC |
| Description conventions | dacs |
| Modifying agency | DLC |
| 041 ## - LANGUAGE CODE | |
| Language code of text/sound track or separate title | eng |
| -- | fre |
| -- | spa |
| 072 #7 - SUBJECT CATEGORY CODE | |
| Subject category code | W |
| Source | lcmd |
| 245 00 - TITLE STATEMENT | |
| Title | U.S. claims commissions records, |
| Inclusive dates | 1842-1908. |
| 300 ## - PHYSICAL DESCRIPTION | |
| Extent | 200 |
| Type of unit | items. |
| 300 ## - PHYSICAL DESCRIPTION | |
| Extent | 2 |
| Type of unit | containers. |
| 506 0# - RESTRICTIONS ON ACCESS NOTE | |
| Terms governing access | Open to research. |
| 520 8# - SUMMARY, ETC. | |
| Summary, etc. | Miscellaneous records of the U.S. Board of Commissioners for the Adjustment of French Spoliation Claims and the U.S. Spanish Treaty Claims Commission. |
| 546 ## - LANGUAGE NOTE | |
| Language note | Collection material in English, French, and Spanish. |
| 650 #0 - SUBJECT ADDED ENTRY--TOPICAL TERM | |
| Topical term or geographic name entry element | French spoliation claims. |
| 650 #0 - SUBJECT ADDED ENTRY--TOPICAL TERM | |
| Topical term or geographic name entry element | Spanish-American War, 1898 |
| General subdivision | Claims. |
| 710 1# - ADDED ENTRY--CORPORATE NAME | |
| Corporate name or jurisdiction name as entry element | United States. |
| Subordinate unit | Spanish Treaty Claims Commission. |
| Title of a work | United States. Spanish Treaty Claims Commission records. |
| 710 1# - ADDED ENTRY--CORPORATE NAME | |
| Corporate name or jurisdiction name as entry element | United States. |
| Subordinate unit | Board of Commissioners for the Adjustment of French Spoliation Claims. |
| Title of a work | United States. Board of Commissioners for the Adjustment of French Spoliation Claims records. |
No items available.